Central Library and Information Centre
Sibsagar Girls' College, Sivasagar : Assam

KATHA KRITAN (Record no. 6414)

MARC details
000 -LEADER
fixed length control field 00397cam a2200169ua 4500
008 - FIXED-LENGTH DATA ELEMENTS--GENERAL INFORMATION
fixed length control field 120801n II |||gr||||Z||||||asm
040 ## - CATALOGING SOURCE
Original cataloging agency MAIN
041 ## - LANGUAGE CODE
-- English
082 ## - DEWEY DECIMAL CLASSIFICATION NUMBER
Classification number 294.592 6 DEB
100 ## - MAIN ENTRY--PERSONAL NAME
Personal name DEBOGOSWAMI, KEKHOBANONDO.
245 ## - TITLE STATEMENT
Title KATHA KRITAN
260 ## - PUBLICATION, DISTRIBUTION, ETC.
Place of publication, distribution, etc. DIBRUGARH:
Name of publisher, distributor, etc. STUDENT EMPORIUM,
Date of publication, distribution, etc. 1993.
300 ## - PHYSICAL DESCRIPTION
Extent 232:
Dimensions 22CM.
942 ## - ADDED ENTRY ELEMENTS (KOHA)
Koha item type Books
653 ## - INDEX TERM--UNCONTROLLED
Uncontrolled term DHARMASASTRA
Holdings
Withdrawn status Lost status Damaged status Not for loan Collection code Home library Current library Shelving location Date acquired Full call number Barcode Date last seen Copy number Price effective from Koha item type Public note
        REFASM Central Library and Information Centre Sibsagar Girls College Central Library and Information Centre Sibsagar Girls College Religious Books 05.02.1997 294.592 6 DEB 14336 27.02.2020 1 27.02.2020 Books V


Sibsagar Girl's College © 2020. All rights reserved.
Powered by Koha.
Maintained by Abhijit Borpuzari.